Every Player - VCT CHINA - Statistics

General Stats
  • This quiz has been taken 23 times
  • The average score is 56 of 97
Answer Stats
Year Nationality Team(s) Answer % Correct
2024-2024 & 2025- Haodong
100%
2024-2024 AAK
94%
2025- Akeman
94%
2024- AAAAY
88%
2024- Nicc
88%
2025- Rarga
88%
2025- SpiritZ1
88%
2024- Autumn
81%
2024-2025 & 2025- BerLIN
81%
2024- CHICHOO
81%
2024- FengF
81%
2025-2025 Juicy
81%
2024- Knight
81%
2024- Life
81%
2024- Lysoar
81%
2024- nephh
81%
2024- nobody
81%
2025- NoMan
81%
2024-2025 Rb
81%
2024-2025 S1Mon
81%
2024- SiuFatBB
81%
2024- Smoggy
81%
2024- Spring
81%
2024- stew
81%
2024- TvirusLuke
81%
2024- Viva
81%
2024- vo0kashu
81%
2024- whzy
81%
2024- YOU
81%
2024- ZmjjKK
81%
2025- Coco
75%
2025- coconut
75%
2025- happywei
75%
2025- Jieni7
75%
2024- Kai
75%
2025- slowly
75%
2024-2025 zjc
75%
2025- Babyblue
69%
2024- Biank
69%
2024- Flex1n
69%
2024- yosemite
69%
2024- CB
63%
2024-2025 heybay
63%
2025- rushia
63%
2024-2024 & 2025- Spitfires
63%
2024-2025 SWERL
63%
2024- Abo
56%
2024- GuanG
56%
2024- Levius
56%
2024- LuoK1ng
56%
2025-2025 & 2025- Shr1mp
56%
2024-2024 & 2025- sword9
56%
2024- deLb
50%
2024- o0o0o
50%
2025-2025 player
50%
2024- Scales
50%
2024- Yuicaw
50%
2025-2025 5CM
44%
2024-2025 bunt
44%
2024-2024 coldfish
44%
2025-2025 Dynamite
44%
2024-2025 Eren
44%
2024- jkuro
44%
2024-2024 & 2025- MarT1n
44%
2025- Midi
44%
2024-2024 & 2025-2025 monk
44%
2024-2024 & 2025- OBONE
44%
2025-2025 waituu
44%
2024- Ezeir
38%
2025- kklin
38%
2025- lucas
38%
2024-2024 & 2024- Ninebody
38%
2024-2025 nizhaoTZH
38%
2024-2024 PangH
38%
2024-2024 pl1xx
38%
2024-2024 YHchen
38%
2024- Z1yan
38%
2024-2025 B1ack
31%
2024-2024 B3ar
31%
2025-2025 Cangshu
31%
2024-2024 Dingwei
31%
2024-2024 ICEKING
31%
2024-2024 kawaii
31%
2024-2024 Shion7
31%
2025-2025 XiYiJi
31%
2025-2025 Xll
31%
2024-2024 YiHao
31%
2024-2024 AC
25%
2025-2025 Bai
25%
2024-2024 balua
25%
2025- HanChe
25%
2025- K1ra
25%
2025- Yoyo
25%
2024-2024 LockM
19%
2025-2025 Lsn
19%
2025-2025 MrCANI
19%
2024-2024 QiuYe
19%
No matching quizzes found
Score Distribution
Percent of People with Each Score
Percentile by Number Answered
Your Score History
You have not taken this quiz